Episodios nacionales / (Record no. 161841)

MARC details
000 -LEADER
campo de control de longitud fija 03682nam a2200493 i 4500
001 - NÚMERO DE CONTROL
campo de control 161841
003 - IDENTIFICADOR DE NÚMERO DE CONTROL
campo de control ES-MaACL
005 - FECHA Y HORA DE LA ÚLTIMA TRANSACCIÓN
campo de control 20250825062643.0
008 - DATOS DE LONGITUD FIJA--INFORMACIÓN GENERAL
campo de control de longitud fija 940301m18821885sp a |||| | spa d
040 ## - FUENTE DE CATALOGACIÓN
Centro/agencia transcriptor ES-MaACL
080 ## - NÚMERO DE LA CLASIFICACIÓN DECIMAL UNIVERSAL
Número de la Clasificación Decimal Universal 821.134.2-31"18"
100 1# - ENTRADA PRINCIPAL--NOMBRE DE PERSONA
Nombre de persona Pérez Galdós, Benito,
Fechas asociadas al nombre 1843-1920
Término indicativo de función/relación Autor
9 (RLIN) 90871
245 10 - MENCIÓN DEL TÍTULO
Título Episodios nacionales /
Mención de responsabilidad, etc. por B. Pérez Galdós.
260 ## - PUBLICACIÓN, DISTRIBUCIÓN, ETC.
Lugar de publicación, distribución, etc. Madrid :
Nombre del editor, distribuidor, etc. Administración de La Guirnalda y Episodios Nacionales,
Fecha de publicación, distribución, etc. 1882-1885
300 ## - DESCRIPCIÓN FÍSICA
Extensión 10 volúmenes :
Otras características físicas ilustraciones ;
Dimensiones 28 cm.
505 ## - NOTA DE CONTENIDO CON FORMATO
Nota de contenido con formato I. Trafalgar ; La corte de Carlos IV / edición ilustrada por Enrique y Arturo Mélida -- II. El 19 de marzo y el 2 de mayo / edición ilustrada por Enrique y Arturo Mélida -- III. Napoleón en Chamartín ; Zaragoza / ilustrado por Mélida y Lizcano -- IV. Gerona ; Cádiz / ilustrado por Pellicer ... [et al.] -- V. Juan Martín El Empecinado ; La batalla de los Arapiles / ilustrado por Pellicer ... [et al.] -- VI. El equipaje del Rey José ; Memorias de un cortesano / ilustrado por Mestres y Sala -- VII. La segunda casaca ; El grande Oriente / ilustrado por Mélida y Pellicer -- VIII. 7 de julio ; Los Cien Mil hijos de San Luis / ilustrado por Gómez Soler y Esteban -- IX. El terror de 1824 ; Un voluntario realista / ilustrado por Gómez Soler y Pellicer -- X. Los apostólicos ; Un faccioso más y algunos frailes menos / ilustrado por Mélida ... [et al.]
530 ## - NOTA DISPONIBLE DE FORMULARIO FÍSICO ADICIONAL
Nota de formato físico adicional disponible Disponible en formato digital
599 ## - NOTA A LAS ILUSTRACIONES
Nota Grab. calc. intercalados en el texto.
651 #4 - PUNTO DE ACCESO ADICIONAL DE MATERIA--NOMBRE GEOGRÁFICO
Nombre geográfico España-
Subdivisión general Historia-
Subdivisión cronológica S.XIX-
Subdivisión de forma Novelas.
9 (RLIN) 138159
655 #7 - TERMINO DE INDIZACIÓN--GENERO/FORMA
Fuente del término tgfbne
Datos o término principal de género/forma Novelas históricas
9 (RLIN) 226782
655 #7 - TERMINO DE INDIZACIÓN--GENERO/FORMA
Fuente del término tgfbne
Datos o término principal de género/forma Libros ilustrados
9 (RLIN) 193653
700 1# - ENTRADA AGREGADA--NOMBRE PERSONAL
Nombre de persona Mélida, Enrique,
Fechas asociadas al nombre 1838-1892
9 (RLIN) 129808
Término indicativo de función/relación Ilustrador
700 1# - ENTRADA AGREGADA--NOMBRE PERSONAL
Nombre de persona Mélida y Alinari, Arturo,
Fechas asociadas al nombre 1849-1902
9 (RLIN) 79968
Término indicativo de función/relación Ilustrador
700 1# - ENTRADA AGREGADA--NOMBRE PERSONAL
Nombre de persona Lizcano Monedero, Ángel,
Fechas asociadas al nombre 1846-1929
9 (RLIN) 157082
Término indicativo de función/relación Ilustrador
700 1# - ENTRADA AGREGADA--NOMBRE PERSONAL
Nombre de persona Pellicer, Josep Lluis,
Fechas asociadas al nombre 1842-1901
9 (RLIN) 143862
Término indicativo de función/relación Ilustrador
700 1# - ENTRADA AGREGADA--NOMBRE PERSONAL
Nombre de persona Mestres, Apeles,
Fechas asociadas al nombre 1854-1936
9 (RLIN) 140420
Término indicativo de función/relación Ilustrador
700 1# - ENTRADA AGREGADA--NOMBRE PERSONAL
Nombre de persona Sala, Emilio,
Fechas asociadas al nombre 1850-1910
9 (RLIN) 173469
Término indicativo de función/relación Ilustrador
700 1# - ENTRADA AGREGADA--NOMBRE PERSONAL
Nombre de persona Gómez Soler, Francisco,
Fechas asociadas al nombre ca. 1860-1899
9 (RLIN) 146333
Término indicativo de función/relación Ilustrador
700 1# - ENTRADA AGREGADA--NOMBRE PERSONAL
Nombre de persona Estevan, Enrique,
Fechas asociadas al nombre 1849-1927
9 (RLIN) 48126
Término indicativo de función/relación Ilustrador
852 ## - LOCALIZACIÓN
Ubicación ES-MaACL
Ubicación en estantería Sala Palomar
Número de control de estantería C-1409-18
Encuadernación Holandesa (vol. I-III y V)
-- Pasta (vol. IV, VI-X)
856 4# - LOCALIZACIÓN Y ACCESO ELECTRÓNICOS
Identificador Uniforme de Recursos <a href="http://bdh-rd.bne.es/viewer.vm?id=0000201259&page=1">http://bdh-rd.bne.es/viewer.vm?id=0000201259&page=1</a>
Texto de enlace Versión en línea (Vol. I)
Nota pública (Biblioteca Digital Hispánica)
856 4# - LOCALIZACIÓN Y ACCESO ELECTRÓNICOS
Identificador Uniforme de Recursos <a href="http://bdh-rd.bne.es/viewer.vm?id=0000201133&page=1">http://bdh-rd.bne.es/viewer.vm?id=0000201133&page=1</a>
Texto de enlace Versión en línea (Vol. II)
Nota pública (Biblioteca Digital Hispánica)
856 4# - LOCALIZACIÓN Y ACCESO ELECTRÓNICOS
Identificador Uniforme de Recursos <a href="http://bdh-rd.bne.es/viewer.vm?id=0000201261&page=1">http://bdh-rd.bne.es/viewer.vm?id=0000201261&page=1</a>
Texto de enlace Versión en línea (Vol. III)
Nota pública (Biblioteca Digital Hispánica)
856 4# - LOCALIZACIÓN Y ACCESO ELECTRÓNICOS
Identificador Uniforme de Recursos <a href="http://bdh-rd.bne.es/viewer.vm?id=0000232998&page=1">http://bdh-rd.bne.es/viewer.vm?id=0000232998&page=1</a>
Texto de enlace Versión en línea (Vol. IV)
Nota pública (Biblioteca Digital Hispánica)
856 4# - LOCALIZACIÓN Y ACCESO ELECTRÓNICOS
Identificador Uniforme de Recursos <a href="http://bdh-rd.bne.es/viewer.vm?id=0000233193&page=1">http://bdh-rd.bne.es/viewer.vm?id=0000233193&page=1</a>
Texto de enlace Versión en línea (Vol. V)
Nota pública (Biblioteca Digital Hispánica)
856 4# - LOCALIZACIÓN Y ACCESO ELECTRÓNICOS
Identificador Uniforme de Recursos <a href="http://bdh-rd.bne.es/viewer.vm?id=0000201267&page=1">http://bdh-rd.bne.es/viewer.vm?id=0000201267&page=1</a>
Texto de enlace Versión en línea (Vol. VI)
Nota pública (Biblioteca Digital Hispánica)
856 4# - LOCALIZACIÓN Y ACCESO ELECTRÓNICOS
Identificador Uniforme de Recursos <a href="http://bdh-rd.bne.es/viewer.vm?id=0000201269&page=1">http://bdh-rd.bne.es/viewer.vm?id=0000201269&page=1</a>
Texto de enlace Versión en línea (Vol. VII)
Nota pública (Biblioteca Digital Hispánica)
856 4# - LOCALIZACIÓN Y ACCESO ELECTRÓNICOS
Identificador Uniforme de Recursos <a href="http://bdh-rd.bne.es/viewer.vm?id=0000201275&page=1">http://bdh-rd.bne.es/viewer.vm?id=0000201275&page=1</a>
Texto de enlace Versión en línea (Vol. VIII)
Nota pública (Biblioteca Digital Hispánica)
856 4# - LOCALIZACIÓN Y ACCESO ELECTRÓNICOS
Identificador Uniforme de Recursos <a href="https://bvpb.mcu.es/es/consulta/registro.do?id=485133">https://bvpb.mcu.es/es/consulta/registro.do?id=485133</a>
Texto de enlace Versión en línea (Vol. IX)
Nota pública (Biblioteca Virtual del Patrimonio Bibliográfico)
856 4# - LOCALIZACIÓN Y ACCESO ELECTRÓNICOS
Identificador Uniforme de Recursos <a href="http://bdh-rd.bne.es/viewer.vm?id=0000233007&page=1">http://bdh-rd.bne.es/viewer.vm?id=0000233007&page=1</a>
Texto de enlace Versión en línea (Vol. X)
Nota pública (Biblioteca Digital Hispánica)
942 ## - ELEMENTOS DE ENTRADA SECUNDARIOS (KOHA)
Tipo de ítem Koha Libro impreso antiguo
Suprimir en OPAC No
Holdings
Estatus retirado Estado de pérdida Fuente del sistema de clasificación o colocación Estado de daño No para préstamo Colección Biblioteca de origen Biblioteca actual Ubicación en estantería Fecha de adquisición Número de control de estantería Total de préstamos Signatura topográfica completa Código de barras Visto por última vez Tipo de ítem Koha
    Clasificación decimal universal     Libros del s. XIX Biblioteca del Ateneo de Madrid Biblioteca del Ateneo de Madrid Sala Palomar 17/01/2008 Ateneísta   C-1409-18 1169532 15/07/2023 Libro impreso antiguo